000 003700000a22001330004500
003 MACL
040 _aMACL
090 _c42581
_d42579
100 _aSri Aurobindo Ashram Publication Dep
245 _aThe complete Works of Sri Aurobindo
_bVol 19 Essays on The Gita
260 _bSri Aurobindo Ashram Publication Dep
_c1997
650 _aPhilosophy
942 _cBOOK
_k100/AUR
999 _c42131
_d42131